[Event "Bucharest Edyval Cup"]
[Site "Bucharest"]
[Date "2001.10.15"]
[Round "1"]
[White "Stanca, Adrian"]
[Black "Banea, Marian"]
[Result "0-1"]
[WhiteElo "2161"]
[BlackElo "2235"]
[PlyCount "58"]
[EventDate "2001.10.15"]
[EventType "tourn"]
[EventRounds "13"]
[EventCountry "ROU"]
[SourceTitle "EXT 2010"]
[Source "ChessBase"]
[SourceDate "2010.11.25"]
[SourceVersion "1"]
[SourceVersionDate "2010.11.25"]
[SourceQuality "1"]

1. e4 c5 2. d3 Nc6 3. g3 e5 4. Bg2 Nge7 5. f4 exf4 6. Bxf4 d5 7. Nc3 Be6 8. Qd2 dxe4 9. Bxe4 Ng6 10. Nge2 Be7 11. 0-0 0-0 12. Bxc6 bxc6 13. Be3 Ne5 14. Bf4 Ng6 15. Be3 Bh3 16. Rf2 Ne5 17. Nf4 Bg4 18. Raf1 g5 19. Ng2 f5 20. b3 h6 21. Na4 Qd5 22. Nc3 Qf7 23. Na4 Qh5 24. Ne1 Bh3 25. Ng2 Bxg2 26. Kxg2 Ng4 27. Kg1 Nxf2 28. Rxf2 f4 29. Bxc5 fxg3 0-1

[Event "Centrocoop Sept op-A"]
[Site "Eforie Nord"]
[Date "1998.??.??"]
[Round "?"]
[White "Birinyi, Zoltan2222"]
[Black "Banea, Marian"]
[Result "0-1"]
[WhiteElo "1750"]
[BlackElo "2210"]
[PlyCount "68"]
[EventDate "1998.09.??"]
[EventType "swiss"]
[EventRounds "11"]
[EventCountry "ROU"]
[SourceTitle "EXT 2000"]
[Source "ChessBase"]
[SourceDate "1999.11.16"]
[SourceVersion "1"]
[SourceVersionDate "1999.11.16"]
[SourceQuality "1"]

1. e4 c5 2. Nf3 Nc6 3. d4 cxd4 4. Nxd4 e5 5. Nb5 d6 6. N1c3 a6 7. Na3 b5 8. Nd5 Nce7 9. c4 Nxd5 10. cxd5 f5 11. Bd3 f4 12. Nc2 Nf6 13. a4 Bd7 14. axb5 axb5 15. Bd2 Be7 16. 0-0 0-0 17. Qe2 Qb6 18. Rxa8 Rxa8 19. Ra1 Rf8 20. Kh1 g5 21. f3 g4 22. Be1 Kh8 23. Bf2 Qd8 24. Bxb5 gxf3 25. gxf3 Bh3 26. Rg1 Nh5 27. Qe1 Bg5 28. Bf1 Bd7 29. h3 h6 30. Kh2 Ng3 31. Qc3 Rg8 32. Ne1 Qe7 33. Bxg3 fxg3+ 34. Kg2 Qf7 0-1

[Event "Centrocoop Sept op-A"]
[Site "Eforie Nord"]
[Date "1998.??.??"]
[Round "?"]
[White "Nanu, Ciprian Costica"]
[Black "Banea, Marian"]
[Result "1-0"]
[WhiteElo "2405"]
[BlackElo "2210"]
[PlyCount "105"]
[EventDate "1998.09.??"]
[EventType "swiss"]
[EventRounds "11"]
[EventCountry "ROU"]
[SourceTitle "EXT 2000"]
[Source "ChessBase"]
[SourceDate "1999.11.16"]
[SourceVersion "1"]
[SourceVersionDate "1999.11.16"]
[SourceQuality "1"]

1. e4 c5 2. Nf3 Nc6 3. Bb5 g6 4. 0-0 Bg7 5. Re1 Nf6 6. c3 0-0 7. d4 d5 8. e5 Ne4 9. Bxc6 bxc6 10. Nbd2 Bf5 11. Nxe4 dxe4 12. Nh4 cxd4 13. Nxf5 gxf5 14. cxd4 c5 15. Qh5 Qxd4 16. Bf4 Qxb2 17. Qxf5 Rad8 18. Qxe4 Rd4 19. Qe3 Rfd8 20. Bg5 Qxa1 21. Rxa1 Rd1+ 22. Qe1 Rxe1+ 23. Rxe1 Bxe5 24. Bxe7 Rd2 25. Bxc5 Rxa2 26. g3 Bf6 27. h4 h5 28. Re8+ Kg7 29. Ra8 a5 30. Ra6 Bb2 31. Kg2 a4 32. Kf3 a3 33. Kf4 Bc1+ 34. Kf5 Rc2 35. Bd4+ Kf8 36. Kf6 Ke8 37. Ra8+ Kd7 38. Kxf7 a2 39. Kg6 Kd6 40. Kxh5 Kd5 41. Be3 Bxe3 42. fxe3 Ke4 43. Ra3 Kf3 44. g4 Rc8 45. g5 Rh8+ 46. Kg6 Rxh4 47. Rxa2 Kxe3 48. Ra3+ Kf2 49. Kg7 Rg4 50. g6 Ke2 51. Rh3 Kf2 52. Kh7 Rg2 53. Rh6 1-0

[Event "San Agustin op U18"]
[Site "San Agustin"]
[Date "1997.??.??"]
[Round "?"]
[White "Dias, Paulo Jorge Guimara"]
[Black "Banea, Marian"]
[Result "1-0"]
[WhiteElo "2180"]
[BlackElo "2185"]
[PlyCount "97"]
[EventDate "1997.??.??"]
[EventType "swiss"]
[EventRounds "9"]
[EventCountry "ESP"]
[SourceTitle "EXT 2000"]
[Source "ChessBase"]
[SourceDate "1999.11.16"]
[SourceVersion "1"]
[SourceVersionDate "1999.11.16"]
[SourceQuality "1"]

1. e4 c5 2. Nf3 d6 3. d3 Nc6 4. g3 g6 5. Bg2 Bg7 6. 0-0 e5 7. Be3 Nge7 8. Nc3 0-0 9. Qd2 Nd4 10. Bh6 Bg4 11. Bxg7 Kxg7 12. Ne1 Qd7 13. f4 f6 14. Nd1 h5 15. c3 Ndc6 16. Ne3 Rh8 17. f5 gxf5 18. exf5 Nxf5 19. Nxf5+ Bxf5 20. Qf2 Ne7 21. Be4 Kg6 22. Ng2 h4 23. Nxh4+ Rxh4 24. gxh4 Rg8 25. Kh1 Bxe4+ 26. dxe4 Qe6 27. Rg1+ Kf7 28. Rxg8 Nxg8 29. Qf5 Qxf5 30. exf5 Nh6 31. Rf1 Ng4 32. h5 d5 33. h3 Ne3 34. Rf3 d4 35. cxd4 cxd4 36. Kg1 Kg7 37. Rg3+ Kh6 38. Rg6+ Kxh5 39. Rxf6 Kg5 40. Rf7 Nxf5 41. Rxb7 d3 42. Kf2 Kf4 43. Rxa7 e4 44. a4 e3+ 45. Ke1 d2+ 46. Kd1 Nd4 47. Re7 Kf3 48. a5 Nb3 49. a6 1-0

[Event "ROM-chT2"]
[Site "Sovata"]
[Date "1997.??.??"]
[Round "7"]
[White "Nemeth, Francisc"]
[Black "Banea, Marian"]
[Result "1-0"]
[WhiteElo "2270"]
[BlackElo "2190"]
[PlyCount "65"]
[EventDate "1997.10.??"]
[EventType "team-tourn"]
[EventRounds "7"]
[EventCountry "ROU"]
[SourceTitle "EXT 2000"]
[Source "ChessBase"]
[SourceDate "1999.11.16"]
[SourceVersion "1"]
[SourceVersionDate "1999.11.16"]
[SourceQuality "1"]

1. e4 c5 2. Nc3 Nc6 3. f4 g6 4. b3 Bg7 5. Bb2 d6 6. Bb5 Bd7 7. Nf3 Nd4 8. Nxd4 Bxd4 9. Qe2 Bxb5 10. Qxb5+ Qd7 11. 0-0-0 Nf6 12. Rde1 Qxb5 13. Nxb5 Bxb2+ 14. Kxb2 Kd7 15. c4 Rhb8 16. Nc3 Ne8 17. e5 Nc7 18. exd6 exd6 19. Ne4 Ne6 20. Rhf1 f5 21. Nf6+ Ke7 22. Nd5+ Kf7 23. Rxe6 Kxe6 24. Re1+ Kf7 25. Re7+ Kf8 26. Rxh7 Rd8 27. Rxb7 Rac8 28. Rxa7 Ra8 29. Rc7 Rac8 30. Rh7 Re8 31. g3 Re6 32. a4 Kg8 33. Ra7 1-0

[Event "San Agustin op U18"]
[Site "San Agustin"]
[Date "1997.??.??"]
[Round "?"]
[White "Paz Ladron de Guevara, Daniel"]
[Black "Banea, Marian"]
[Result "0-1"]
[WhiteElo "2225"]
[BlackElo "2185"]
[PlyCount "59"]
[EventDate "1997.??.??"]
[EventType "swiss"]
[EventRounds "9"]
[EventCountry "ESP"]
[SourceTitle "EXT 2000"]
[Source "ChessBase"]
[SourceDate "1999.11.16"]
[SourceVersion "1"]
[SourceVersionDate "1999.11.16"]
[SourceQuality "1"]

1. e4 c5 2. Nf3 d6 3. d4 cxd4 4. Nxd4 Nf6 5. Nc3 g6 6. g3 Bg7 7. Bg2 0-0 8. 0-0 Qb6 9. Nde2 Nc6 10. h3 Rd8 11. b3 d5 12. exd5 Nb4 13. Na4 Qc7 14. c4 Nfxd5 15. cxd5 Bxa1 16. Bd2 Nc2 17. Nac3 Bf5 18. g4 Bd3 19. Bf4 Bxe2 20. Bxc7 Bxd1 21. Bxd8 Bxc3 22. Bxe7 Ne1 23. d6 Be2 24. Bxb7 Rb8 25. d7 Bxf1 26. Kxf1 Ba5 27. Be4 f5 28. gxf5 gxf5 29. Bxf5 Kg7 30. b4 0-1

[Event "ROM-chT2"]
[Site "Sovata"]
[Date "1997.??.??"]
[Round "3"]
[White "Sima, Marian"]
[Black "Banea, Marian"]
[Result "1/2-1/2"]
[WhiteElo "2270"]
[BlackElo "2290"]
[PlyCount "35"]
[EventDate "1997.10.??"]
[EventType "team-tourn"]
[EventRounds "7"]
[EventCountry "ROU"]
[SourceTitle "EXT 2000"]
[Source "ChessBase"]
[SourceDate "1999.11.16"]
[SourceVersion "1"]
[SourceVersionDate "1999.11.16"]
[SourceQuality "1"]

1. e4 c5 2. c4 Nc6 3. Nc3 g6 4. f4 Bg7 5. Nf3 d6 6. g3 e6 7. d3 Nge7 8. Be3 Nd4 9. Bg2 0-0 10. Qd2 Rb8 11. Rb1 a6 12. 0-0 b5 13. Ne2 e5 14. cxb5 axb5 15. b4 Nec6 16. bxc5 dxc5 17. Rfc1 Bg4 18. Nexd4 1/2-1/2